000 00708nam a2200193 u 4500
001 000020742
005 20200930011144.0
008 100813s2015 dr 000 0 spa d
020 _a9789945453362
040 _aDO-SdBNP
_bspa
_cBNPHU
082 _axxxxxxxx
_bxxxxxxxx
100 1 _aPérez Elsevif, Ruth
_943499
245 1 0 _aAyudas didácticas :
_benriqueciendo el aprendizaje en aula /
_cRuth Pérez Elsevif ; prólogo Carmen Gálvez Mejía.
260 _aSanto Domingo :
_bSomos literatura,
_c2015.
300 _a126 p. :
_bil. ;
_c28 cm.
500 _aIncluye datos biográficos del autor en la contracubierta
504 _aBibliografías : p. 124-126
700 1 _aGálvez Mejía, Carmen,
_epról.
_943500
999 _c20246
_d20246